000 00302nam a2200121Ia 4500
008 190216s9999||||xx |||||||||||||| ||und||
100 _aSharma Rn
245 0 _aMethodology Of Educational Research
260 _bSurjeet Pubs.Delhi
_c2005
300 _a334
650 _aResearch Methodology
942 _cBK
999 _c6658
_d6658